Normal view
MARC view
Entry Geographic Name
001 - CONTROL NUMBER
- control field: 48108
003 - CONTROL NUMBER IDENTIFIER
- control field: ARRUPE
005 - DATE AND TIME OF LATEST TRANSACTION
- control field: 20190910102803.0
008 - FIXED-LENGTH DATA ELEMENTS
- fixed length control field: 190910|| aca||aabn | a|a d
040 ## - CATALOGING SOURCE
- Original cataloging agency: ARRUPE
- Transcribing agency: ARRUPE
151 ## - HEADING--GEOGRAPHIC NAME
- Geographic name: Mexico (city)
- General subdivision: Poor
670 ## - SOURCE DATA FOUND
- Source citation: Work cat.: (ARRUPE)0: Lewis, Oscar, 1914-1970. 48105, The children of Sánchez :, 1961.